| 000 | 00367 a2200169 4500 | ||
|---|---|---|---|
| 001 | 182198 | ||
| 020 | _a85-7302-771-1 | ||
| 040 | _cMagnum | ||
| 100 | _aBill, Mv | ||
| 240 | 1 | 0 |
_aFalcão: meninos do tráfico _lpor |
| 245 | 1 | 0 | _aFalcão: meninos do tráfico |
| 300 | _a251 | ||
| 362 | 0 | _a2006 | |
| 440 | 1 | _aObjetiva | |
| 697 | _aLITERATURA GERAL | ||
| 942 | _cBK | ||
| 999 |
_c182198 _d182198 |
||